Zur Stellung der Kontrastiven Linguistik in sprachwissenschaftlichen Forschungen. Theoretische Grundlagen und Merkmale
Vymedzenie, definícia a metodologické predpoklady kontrastnej lingvistiky. Najnovší vývoj a súčasné trendy v danej oblasti. Porovnávacia analýza nemčiny a slovenčiny z fonetického hľadiska - porovnanie vokálnych systémov a akustické a perceptívne analýzy.
Salvato in:
| Autore principale: | |
|---|---|
| Natura: | Capitolo di libro |
| Lingua: | tedesco |
| Soggetti: | |
| Tags: |
Nessun Tag, puoi essere il primo ad aggiungerne!!
|
MARC
| LEADER | 00000naa$a2200000$$$4500 | ||
|---|---|---|---|
| 001 | 0238912 | ||
| 005 | 20240502083640.9 | ||
| 041 | 0 | |a ger | |
| 044 | |a CZ | ||
| 245 | 1 | 0 | |a Zur Stellung der Kontrastiven Linguistik in sprachwissenschaftlichen Forschungen. Theoretische Grundlagen und Merkmale |c Lívia Adamcová |
| 520 | |a Vymedzenie, definícia a metodologické predpoklady kontrastnej lingvistiky. Najnovší vývoj a súčasné trendy v danej oblasti. Porovnávacia analýza nemčiny a slovenčiny z fonetického hľadiska - porovnanie vokálnych systémov a akustické a perceptívne analýzy. | ||
| 610 | 2 | 0 | |a nemčina |
| 610 | 2 | 0 | |a jazykoveda |
| 610 | 2 | 0 | |a jazyky cudzie |
| 610 | 2 | 0 | |a fonetika |
| 610 | 2 | 0 | |a slovenčina |
| 610 | 2 | 0 | |a analýza komparatívna |
| 100 | 1 | |a Adamcová, Lívia | |